Normal view
MARC view
Entry Topical Term
001 - CONTROL NUMBER
- control field: 26633
003 - CONTROL NUMBER IDENTIFIER
- control field: dpl
005 - DATE AND TIME OF LATEST TRANSACTION
- control field: 20110316145158.0
008 - FIXED-LENGTH DATA ELEMENTS
- fixed length control field: 110316|||a|||||| | ||| d
040 ## - CATALOGING SOURCE
- Original cataloging agency: dpl
- Transcribing agency: dpl
150 ## - HEADING--TOPICAL TERM
- Topical term or geographic name as entry element: Hindi Fiction
670 ## - SOURCE DATA FOUND
- Source citation: Work cat.: (dpl)36086: अलेक्सांद्र फ़ेदयेव 26632, पराजयः, 2010
670 ## - SOURCE DATA FOUND
- Source citation: Work cat.: (dpl)36086: अलेक्सांद्र फ़ेदयेव 26632, पराजयः, 2010
